| 000 | 00536nam a22001937a 4500 | ||
|---|---|---|---|
| 005 | 20251003113213.0 | ||
| 008 | 251003b |||||||| |||| 00| 0 eng d | ||
| 037 | _cTB | ||
| 040 |
_aCRL _cCRL |
||
| 041 |
_2ENG _aENG |
||
| 084 |
_aB2 K4 _qCRL |
||
| 100 |
_aHerstein, I N _9847240 |
||
| 245 | _aTopics in algebra | ||
| 260 |
_aToronto, Canada: _bBlaisdell Publishing Company, _c1964. |
||
| 300 | _a342p. | ||
| 650 | _2MATHEMATICS | ||
| 942 |
_2CC _cTB _hB2 K4 _n0 |
||
| 999 |
_c1464481 _d1464481 |
||